[Event "FRA Team Ch"]
[Site "Montpellier"]
[Date "2001.04.29"]
[Round "9.3"]
[White "Godena, Michele"]
[Black "Van Wely, Loek"]
[Result "1/2-1/2"]
[WhiteElo "2474"]
[BlackElo "2700"]
[Annotator "Cannes-Clichy"]
[PlyCount "123"]
[EventDate "2001.04.??"]

1. e4 c5 2. c3 Nf6 3. e5 Nd5 4. Nf3 Nc6 5. d4 cxd4 6. cxd4 d6 7. Bc4 Nb6 8. Bb5
dxe5 9. Nxe5 Bd7 10. Nxd7 Qxd7 11. Nc3 e6 12. O-O Be7 13. Qg4 O-O 14. Bxc6 bxc6
15. Bh6 Bf6 16. Rfd1 Kh8 17. Ne4 Qe7 18. Bg5 Bxg5 19. Qxg5 Qb4 20. b3 h6 21.
Qc5 Qxc5 22. Nxc5 Rfd8 23. Nd3 Rac8 24. Ne5 Kg8 25. Rdc1 Rd6 26. Rc2 f6 27. Nf3
g5 28. h3 h5 29. Rac1 Kf7 30. g3 Ke7 31. Rc5 Kd7 32. h4 g4 33. Ne1 f5 34. Nc2
Kc7 35. Re1 Nd7 36. Ra5 Kb6 37. b4 Rf8 38. Re3 a6 39. Rea3 Ra8 40. Rd3 Kb7 41.
Na1 Nf6 42. Nb3 Ne4 43. Nc5+ Nxc5 44. bxc5 Rd5 45. Ra4 e5 46. Re3 e4 47. Kf1
Kc7 48. Rb3 f4 49. gxf4 Rf5 50. Rab4 Kd7 51. Rb7+ Ke6 52. Rc7 Kd5 53. Rb4 Rd8
54. Re7 a5 55. Ra4 Rb8 56. Rd7+ Ke6 57. Rd6+ Kf7 58. Rxa5 Rxf4 59. Ra7+ Kg8 60.
Rg6+ Kh8 61. Rh6+ Kg8 62. Rg6+ 1/2-1/2

[Event "FRA Team Ch"]
[Site "Montpellier"]
[Date "2001.04.29"]
[Round "9.5"]
[White "Kazhgaleyev, Murtas"]
[Black "Nataf, Igor-Alexandre"]
[Result "1/2-1/2"]
[WhiteElo "2571"]
[BlackElo "2552"]
[Annotator "Cannes-Clichy"]
[PlyCount "92"]
[EventDate "2001.04.??"]

1. e4 c5 2. Nf3 Nc6 3. c3 Nf6 4. e5 Nd5 5. Bc4 Nb6 6. Bb3 c4 7. Bc2 Qc7 8. Qe2
g5 9. Na3 g4 10. Nb5 Qb8 11. Ng5 Nxe5 12. O-O a6 13. Nd4 h6 14. f4 hxg5 15.
fxe5 Bg7 16. Re1 d6 17. d3 dxe5 18. Bxg5 Qc7 19. dxc4 Rh5 20. h4 Rxg5 21. hxg5
exd4 22. Qe4 dxc3 23. b4 Be6 24. c5 O-O-O 25. Rad1 Nc4 26. Qh7 Rh8 27. Qxg7
Qh2+ 28. Kf2 Qf4+ 29. Kg1 Qh2+ 30. Kf2 g3+ 31. Kf3 Qh5+ 32. Ke4 Qh4+ 33. Kd3
Nb2+ 34. Ke3 Nc4+ 35. Kd3 Nb2+ 36. Ke3 Nxd1+ 37. Rxd1 Re8 38. Qe5 Rg8 39. g6
Qf6 40. Qxf6 exf6 41. Rd6 Bxa2 42. Kd4 fxg6 43. Rxf6 Re8 44. Bd3 Kc7 45. Kxc3
Bd5 46. Rxg6 Bxg2 1/2-1/2

[Event "FRA Team Ch"]
[Site "Montpellier"]
[Date "2001.04.29"]
[Round "9.6"]
[White "Apicella, Manuel"]
[Black "Chabanon, Jean-Luc"]
[Result "0-1"]
[WhiteElo "2518"]
[BlackElo "2461"]
[Annotator "Clichy-Cannes"]
[PlyCount "92"]
[EventDate "2001.04.??"]

1. e4 d5 2. exd5 Qxd5 3. Nc3 Qa5 4. d4 Nf6 5. Nf3 c6 6. Bc4 Bf5 7. Bd2 e6 8.
Nd5 Qd8 9. Nxf6+ Qxf6 10. Qe2 Nd7 11. O-O-O b5 12. Bd3 Bd6 13. h4 Bxd3 14. Qxd3
Qg6 15. Qe2 Qf5 16. d5 cxd5 17. Nd4 Qe5 18. Qd3 a6 19. Rde1 Qf6 20. Bg5 Bf4+
21. Kb1 Bxg5 22. hxg5 Qxg5 23. Nf5 Nc5 24. Qxd5 O-O 25. Qxc5 Qxf5 26. Re5 Qf4
27. Reh5 h6 28. R5h4 Qd2 29. c3 Rad8 30. a3 Qe2 31. Rf4 Rd2 32. Qb4 Rfd8 33.
Ka2 a5 34. Qb3 g5 35. Rf3 a4 36. Qb4 Qc4+ 37. Qxc4 bxc4 38. g4 Kg7 39. Ka1 Rd1+
40. Rxd1 Rxd1+ 41. Ka2 Rf1 42. Re3 Rxf2 43. Re5 Rf4 44. Ra5 Rxg4 45. Rxa4 h5
46. Ra8 h4 0-1

[Event "FRA Team Ch"]
[Site "Montpellier"]
[Date "2001.04.29"]
[Round "9.7"]
[White "Fontaine, Robert"]
[Black "Renet, Olivier"]
[Result "1/2-1/2"]
[WhiteElo "2451"]
[BlackElo "2494"]
[Annotator "Cannes-Clichy"]
[PlyCount "40"]
[EventDate "2001.04.??"]

1. e4 c5 2. Nf3 e6 3. d4 cxd4 4. Nxd4 a6 5. Nc3 Nc6 6. Be2 d6 7. O-O Nf6 8. Be3
Be7 9. f4 O-O 10. Qe1 Nxd4 11. Bxd4 b5 12. Bd3 Bb7 13. a3 Nd7 14. Qg3 e5 15.
fxe5 dxe5 16. Bxe5 Nxe5 17. Qxe5 Bf6 18. Qf5 Bxc3 19. bxc3 Rc8 20. a4 Rxc3
1/2-1/2

[Event "FRA Team Ch"]
[Site "Montpellier"]
[Date "2001.04.29"]
[Round "9.8"]
[White "Hebden, Mark"]
[Black "Anic, Darko"]
[Result "0-1"]
[WhiteElo "2522"]
[BlackElo "2469"]
[Annotator "Clichy-Cannes"]
[PlyCount "82"]
[EventDate "2001.04.??"]

1. d4 c6 2. e4 d5 3. exd5 cxd5 4. c4 Nf6 5. Nc3 Nc6 6. Bg5 Be6 7. a3 g6 8. Bxf6
exf6 9. c5 h5 10. Bb5 Bh6 11. Nge2 O-O 12. O-O Re8 13. b4 h4 14. f4 Qd7 15. Qd2
Bf5 16. Rae1 Re7 17. Nc1 Rae8 18. Rxe7 Rxe7 19. Bd3 Nxd4 20. Bxf5 Nxf5 21. Nxd5
Kg7 22. Qd3 Re6 23. b5 Ne7 24. Nb4 Qc7 25. Qc4 Qa5 26. Nc2 Nf5 27. Nb3 Qd8 28.
a4 Qe8 29. Na5 Re4 30. Qd3 Bxf4 31. Nxb7 Qe5 32. c6 Bxh2+ 33. Kh1 Ng3+ 34. Kxh2
Nxf1+ 35. Kg1 Ng3 36. Nd6 Re1+ 37. Kf2 Rf1+ 38. Qxf1 Qf4+ 39. Ke1 Qc1+ 40. Kf2
Qxc2+ 41. Kg1 Qc5+ 0-1

[Event "FRA Team Ch"]
[Site "Montpellier"]
[Date "2001.04.29"]
[Round "9.2"]
[White "De la Riva Aguado, Oscar"]
[Black "Rechlis, Gad"]
[Result "1/2-1/2"]
[WhiteElo "2496"]
[BlackElo "2525"]
[Annotator "Orange-Noyon"]
[PlyCount "36"]
[EventDate "2001.04.??"]

1. e4 c5 2. Nf3 Nc6 3. Bb5 d6 4. O-O Bd7 5. Re1 Nf6 6. c3 a6 7. Bxc6 Bxc6 8. d4
Bxe4 9. Bg5 Bc6 10. Bxf6 gxf6 11. d5 Bd7 12. Nbd2 e5 13. dxe6 Bxe6 14. Nh4 Be7
15. Qh5 Qd7 16. Nc4 Bxc4 17. Nf5 O-O-O 18. Rxe7 Qb5 1/2-1/2

[Event "FRA Team Ch"]
[Site "Montpellier"]
[Date "2001.04.29"]
[Round "9.3"]
[White "Glavina, Pablo"]
[Black "Mellado Trivino, Juan"]
[Result "1/2-1/2"]
[WhiteElo "2414"]
[BlackElo "2460"]
[Annotator "Noyon-Orange"]
[PlyCount "20"]
[EventDate "2001.04.??"]

1. e4 d5 2. exd5 Qxd5 3. Nf3 Bg4 4. Be2 Nc6 5. d4 e6 6. Be3 Nf6 7. Nbd2 Be7 8.
h3 Bh5 9. O-O O-O 10. c4 Qd6 1/2-1/2

[Event "FRA Team Ch"]
[Site "Montpellier"]
[Date "2001.04.29"]
[Round "9.4"]
[White "Lepelletier, Benoit"]
[Black "Marcelin, Cyril"]
[Result "1/2-1/2"]
[WhiteElo "2467"]
[BlackElo "2424"]
[Annotator "Orange-Noyon"]
[PlyCount "84"]
[EventDate "2001.04.??"]

1. e4 e5 2. Nf3 Nc6 3. c3 Nf6 4. d4 Nxe4 5. d5 Ne7 6. Nxe5 Ng6 7. Qd4 Qf6 8.
Qxe4 Qxe5 9. Qxe5+ Nxe5 10. Bf4 Bd6 11. Bg3 O-O 12. Nd2 Re8 13. O-O-O Ng4 14.
Bxd6 cxd6 15. Bc4 b5 16. Bxb5 Nxf2 17. Rde1 Bb7 18. Rxe8+ Rxe8 19. Rf1 Ne4 20.
Bxd7 Nxd2 21. Kxd2 Re7 22. Bc6 Bxc6 23. dxc6 Rc7 24. Rf4 Rxc6 25. Ra4 a6 26.
Rb4 Kf8 27. a4 Ke7 28. Rb7+ Ke6 29. b4 h5 30. Kd3 d5 31. a5 h4 32. h3 g5 33.
Ra7 f6 34. Rb7 Kd6 35. Rb6 Kc7 36. b5 Rxb6 37. axb6+ Kxb6 38. bxa6 f5 39. c4
dxc4+ 40. Kxc4 g4 41. Kd3 Kxa6 42. Ke3 Kb6 1/2-1/2

[Event "FRA Team Ch"]
[Site "Montpellier"]
[Date "2001.04.29"]
[Round "9.5"]
[White "Peyrat, Olivier"]
[Black "Guadalpi, David"]
[Result "0-1"]
[WhiteElo "2373"]
[BlackElo "2282"]
[Annotator "Noyon-Orange"]
[PlyCount "106"]
[EventDate "2001.04.??"]

1. c4 g6 2. g3 Bg7 3. Bg2 d6 4. Nc3 e5 5. e4 Ne7 6. Nge2 Nd7 7. O-O O-O 8. d3
c6 9. b3 f5 10. f4 Nf6 11. h3 Be6 12. Ba3 Re8 13. Kh2 Qc7 14. Rc1 Rad8 15. Bb2
Bf7 16. Rc2 a6 17. Qc1 Qb8 18. Nd1 Nd7 19. Rd2 Qa7 20. Nf2 Nc5 21. Qa1 Qb8 22.
Rfd1 Ne6 23. Kh1 c5 24. g4 Nd4 25. fxe5 dxe5 26. Bxd4 exd4 27. Rf1 Bh6 28. Rb2
Be6 29. Bf3 Nc6 30. exf5 gxf5 31. Bxc6 bxc6 32. g5 Bg7 33. Qc1 Bf7 34. Nd1 Re5
35. Nf4 Rde8 36. Rbf2 Re1 37. Qd2 R1e3 38. Rf3 Rxf3 39. Rxf3 Be5 40. Kg2 a5 41.
Nf2 Qb4 42. Qd1 Bd6 43. Kf1 Qb8 44. g6 hxg6 45. Ng2 a4 46. h4 axb3 47. axb3 Qd8
48. Nh3 Qf6 49. Ng5 Ra8 50. Qd2 Ra1+ 51. Kf2 Bh2 52. Ne1 Qe7 53. Ng2 Qa7 0-1

[Event "FRA Team Ch"]
[Site "Montpellier"]
[Date "2001.04.29"]
[Round "9.6"]
[White "Goldgewicht, Lionel"]
[Black "Karr, Jean-Philippe"]
[Result "0-1"]
[WhiteElo "2345"]
[BlackElo "2383"]
[Annotator "Orange-Noyon"]
[PlyCount "62"]
[EventDate "2001.04.??"]

1. e4 c5 2. c3 d5 3. exd5 Qxd5 4. d4 Nf6 5. Nf3 Bg4 6. Be2 e6 7. h3 Bh5 8. O-O
Nc6 9. Be3 cxd4 10. Nxd4 Bxe2 11. Qxe2 Nxd4 12. Bxd4 Be7 13. Rd1 Qc6 14. c4 O-O
15. Nc3 a6 16. Rd2 Rac8 17. b3 Rfd8 18. Rad1 h6 19. a4 Rd7 20. Rd3 Rcd8 21.
R1d2 Ne8 22. Ne4 b5 23. axb5 axb5 24. Qf3 Qa8 25. Bc3 Rxd3 26. Rxd3 f5 27. Rxd8
Qxd8 28. Nd2 b4 29. Qe2 bxc3 30. Qxe6+ Kh8 31. Nf3 c2 0-1

[Event "FRA Team Ch"]
[Site "Montpellier"]
[Date "2001.04.29"]
[Round "9.7"]
[White "Solakian-Van Eyll, Jerome"]
[Black "Guidarelli, Laurent"]
[Result "1/2-1/2"]
[WhiteElo "2300"]
[BlackElo "2297"]
[Annotator "Noyon-Orange"]
[PlyCount "126"]
[EventDate "2001.04.??"]

1. Nf3 c5 2. c4 Nf6 3. Nc3 g6 4. g3 Bg7 5. Bg2 O-O 6. O-O d5 7. cxd5 Nxd5 8.
Nxd5 Qxd5 9. d3 Nc6 10. Be3 Qd6 11. Qc2 b6 12. Rac1 Bb7 13. a3 Rac8 14. Qb1 e5
15. Nd2 Ba8 16. Ne4 Qe7 17. Nc3 f5 18. Bd5+ Kh8 19. f3 Nd4 20. Bxa8 Rxa8 21.
Kg2 Nb3 22. Rcd1 a5 23. Qa2 Nd4 24. Bc1 Rfd8 25. e4 Nc6 26. Be3 Qb7 27. h4 Ra7
28. h5 Qf7 29. Qxf7 Rxf7 30. hxg6 hxg6 31. Nd5 Rb8 32. Bg5 Kg8 33. Rc1 Rbb7 34.
Rh1 Nd4 35. Rhf1 Ne6 36. Be3 Nc7 37. Nc3 Rd7 38. Rcd1 Rb8 39. Kf2 Bf8 40. Rh1
b5 41. Rd2 b4 42. Na4 Ne6 43. Rc1 Rc7 44. Ke2 bxa3 45. bxa3 Rb3 46. Rc3 Rxc3
47. Nxc3 Nd4+ 48. Bxd4 cxd4 49. Nd5 Rc1 50. Rb2 Ra1 51. f4 fxe4 52. dxe4 Bg7
53. Rb8+ Kh7 54. Rb7 Kh6 55. Ne7 exf4 56. gxf4 Kh5 57. e5 Rxa3 58. Nd5 d3+ 59.
Kd2 Bf8 60. e6 Bb4+ 61. Nxb4 axb4 62. e7 Ra8 63. Kxd3 g5 1/2-1/2

[Event "FRA Team Ch"]
[Site "Montpellier"]
[Date "2001.04.29"]
[Round "9.8"]
[White "Gachon, Lionel"]
[Black "Bernard, Jacques"]
[Result "1/2-1/2"]
[WhiteElo "2237"]
[BlackElo "2237"]
[Annotator "Orange-Noyon"]
[PlyCount "28"]
[EventDate "2001.04.??"]

1. Nf3 Nf6 2. g3 g6 3. Bg2 Bg7 4. O-O O-O 5. d3 c5 6. e4 d6 7. Nbd2 Nc6 8. Re1
Rb8 9. c3 Qc7 10. a3 Bd7 11. d4 cxd4 12. cxd4 Rfc8 13. Nb1 b5 14. Nc3 b4
1/2-1/2

[Event "FRA Team Ch"]
[Site "Montpellier"]
[Date "2001.04.29"]
[Round "9.9"]
[White "Wolfangel, Florence"]
[Black "Dacalor, Aurelie"]
[Result "1-0"]
[WhiteElo "1870"]
[BlackElo "2162"]
[Annotator "Noyon-Orange"]
[PlyCount "129"]
[EventDate "2001.04.??"]

1. d4 g6 2. c4 Bg7 3. e4 d6 4. Nc3 c6 5. Nf3 Bg4 6. Be2 Nd7 7. Be3 Qc7 8. Qd2
e5 9. dxe5 dxe5 10. h3 Bxf3 11. gxf3 O-O-O 12. O-O-O Ngf6 13. Qc2 Qa5 14. Qa4
Qxa4 15. Nxa4 b6 16. b4 Bf8 17. a3 Kc7 18. Kb2 Be7 19. Nc3 Nh5 20. Rhe1 g5 21.
b5 Nf4 22. bxc6 Kxc6 23. Nd5 Bc5 24. Nxf4 exf4 25. Bxc5 Nxc5 26. Rd5 Rxd5 27.
cxd5+ Kd6 28. Bc4 Re8 29. Rg1 h6 30. h4 f6 31. Kc3 Ke5 32. Bf1 Rc8 33. Bh3
Nxe4+ 34. Kb2 Rc3 35. Bg4 Rd3 36. fxe4 Kxe4 37. hxg5 hxg5 38. Re1+ Kxd5 39. f3
Re3 40. Rd1+ Kc6 41. Rc1+ Kb5 42. Rc7 f5 43. Bxf5 Rxf3 44. Bd7+ Ka6 45. Bc8+
Kb5 46. Bd7+ Ka6 47. Bc8+ Ka5 48. Rxa7+ Kb5 49. Rc7 Rg3 50. Be6 Ka6 51. Bc8+
Ka5 52. Ra7+ Kb5 53. Rc7 f3 54. Bd7+ Ka6 55. Kb3 b5 56. Kb4 Rg1 57. Bxb5+ Kb6
58. Rc6+ Kb7 59. Rf6 g4 60. Ka5 Ra1 61. Rf7+ Kc8 62. Kb6 Rd1 63. Rf8+ Rd8 64.
Rxd8+ Kxd8 65. Bc6 1-0

[Event "FRA Team Ch"]
[Site "Montpellier"]
[Date "2001.04.29"]
[Round "9.2"]
[White "Delchev, Aleksander"]
[Black "Turner, Matthew"]
[Result "1-0"]
[WhiteElo "2587"]
[BlackElo "2498"]
[Annotator "Nice-Nancy"]
[PlyCount "67"]
[EventDate "2001.04.??"]

1. c4 Nf6 2. g3 e6 3. Nf3 d5 4. b3 c5 5. Bg2 Nc6 6. O-O Bd6 7. cxd5 exd5 8. d4
O-O 9. Bb2 Be6 10. Nc3 a6 11. Rc1 Rc8 12. Na4 c4 13. bxc4 dxc4 14. e4 b5 15. d5
Bxd5 16. exd5 Nb4 17. Bxf6 Qxf6 18. Nc3 Nd3 19. Ne4 Qe7 20. Nd4 Ba3 21. Rc3 Bb2
22. Rxd3 cxd3 23. Qxd3 Bxd4 24. Qxd4 Rc4 25. Qe3 h6 26. Rd1 Qb4 27. d6 Qa4 28.
Bf3 Qxa2 29. d7 Qa5 30. Nd6 Rc3 31. Qe1 Qa3 32. Qe7 Rxf3 33. Qxf8+ Kxf8 34.
d8=Q# 1-0

[Event "FRA Team Ch"]
[Site "Montpellier"]
[Date "2001.04.29"]
[Round "9.3"]
[White "Spielmann, Alain"]
[Black "Mrdja, Milan"]
[Result "1/2-1/2"]
[WhiteElo "2294"]
[BlackElo "2435"]
[Annotator "Nancy-Nice"]
[PlyCount "72"]
[EventDate "2001.04.??"]

1. d4 Nf6 2. Nf3 g6 3. c4 Bg7 4. g3 O-O 5. Bg2 d5 6. cxd5 Nxd5 7. e4 Nb6 8. O-O
Bg4 9. d5 c6 10. h3 Bd7 11. Nd4 Qc8 12. Kh2 e5 13. Ne2 cxd5 14. exd5 f5 15.
Nbc3 Na6 16. Bg5 Rf7 17. d6 Bc6 18. Nd5 Nxd5 19. Bxd5 Bxd5 20. Qxd5 h6 21. Be7
Nb4 22. Qb3 Nc6 23. Rac1 Qd7 24. Rfd1 Re8 25. Qa4 Bf6 26. Bxf6 Rxf6 27. Qb3+
Kg7 28. Rd5 Ree6 29. Rcd1 b6 30. Qa3 h5 31. f4 a5 32. h4 Kh7 33. fxe5 Rxe5 34.
Nf4 Re8 35. Qc3 Rff8 36. a3 36... Rc8 {et nulle au 48eme coup.} 1/2-1/2

[Event "FRA Team Ch"]
[Site "Montpellier"]
[Date "2001.04.29"]
[Round "9.5"]
[White "Adrian, Claude"]
[Black "Caposciutti, Maurizio"]
[Result "1/2-1/2"]
[WhiteElo "2381"]
[BlackElo "2355"]
[Annotator "Nancy-Nice"]
[PlyCount "36"]
[EventDate "2001.04.??"]

1. Nf3 e6 2. c4 b6 3. g3 Bb7 4. d4 f5 5. Bg2 Nf6 6. O-O g6 7. Nc3 Bg7 8. d5 Na6
9. Rb1 Nc5 10. b4 Nfe4 11. Nxe4 Nxe4 12. Bb2 O-O 13. Qb3 Bxb2 14. Rxb2 Qf6 15.
e3 a5 16. dxe6 axb4 17. exd7 Nc5 18. Qc2 Be4 1/2-1/2

[Event "FRA Team Ch"]
[Site "Montpellier"]
[Date "2001.04.29"]
[Round "9.6"]
[White "Leski, Marc"]
[Black "Philippe, Christophe"]
[Result "1/2-1/2"]
[WhiteElo "2420"]
[BlackElo "2356"]
[Annotator "Nice-Nancy"]
[PlyCount "80"]
[EventDate "2001.04.??"]

1. Nf3 f5 2. d4 Nf6 3. g3 g6 4. Bg2 Bg7 5. O-O O-O 6. c4 d6 7. Nc3 Qe8 8. b3 e5
9. dxe5 dxe5 10. e4 Nc6 11. Nd5 Qd7 12. Ba3 Rd8 13. Qc2 Nxe4 14. Rad1 Nd4 15.
Nxd4 exd4 16. Bxe4 fxe4 17. Qxe4 c6 18. Ne7+ Kf7 19. Rfe1 Bf6 20. Rd3 Qg4 21.
Rf3 Qxe4 22. Rxe4 Kg7 23. Nxc8 Raxc8 24. Be7 Bxe7 25. Rxe7+ Kg8 26. Kf1 b5 27.
Ke2 bxc4 28. bxc4 Re8 29. Rff7 Rc7 30. Rg7+ Kf8 31. Rxe8+ Kxg7 32. c5 Rb7 33.
Re6 Rb2+ 34. Kd3 Rxf2 35. Rxc6 Rxa2 36. Rc7+ Kf6 37. Kxd4 Rxh2 38. Rxa7 h5 39.
Ra6+ Kf5 40. c6 Rd2+ 1/2-1/2

[Event "FRA Team Ch"]
[Site "Montpellier"]
[Date "2001.04.29"]
[Round "9.7"]
[White "Helstroffer, Arnaud"]
[Black "Brochet, Philippe"]
[Result "0-1"]
[WhiteElo "2091"]
[BlackElo "2369"]
[Annotator "Nancy-Nice"]
[PlyCount "144"]
[EventDate "2001.04.??"]

1. e4 c5 2. Nf3 e6 3. d4 cxd4 4. Nxd4 a6 5. Nc3 b5 6. g3 Bb7 7. Bg2 Nf6 8. Qd3
Nc6 9. O-O Ne5 10. Qe2 Bb4 11. a4 Bxc3 12. bxc3 bxa4 13. f4 Nc6 14. Ba3 Qa5 15.
e5 Nd5 16. Nxc6 Bxc6 17. c4 Qb6+ 18. Qf2 Qxf2+ 19. Kxf2 Nb6 20. Bxc6 dxc6 21.
Bc5 Rb8 22. Bd6 Ra8 23. c5 Nd5 24. Rxa4 Kd7 25. Rb1 Ra7 26. Rb3 Rc8 27. c4 Nc7
28. Ke3 a5 29. Rb6 Rca8 30. Rb2 Kc8 31. g4 Rb7 32. Rb6 Ne8 33. Rxc6+ Kd7 34.
Rb6 Rxb6 35. cxb6 Nxd6 36. exd6 Kxd6 37. Kd4 Kc6 38. c5 Kb5 39. b7 Rb8 40. c6
Kxc6 41. Rxa5 Rxb7 42. Ra6+ Kd7 43. Ra2 Ke7 44. Ke4 Rb4+ 45. Kf3 Rb3+ 46. Kg2
Kf6 47. Ra5 Rd3 48. Kf2 Kg6 49. Rg5+ Kf6 50. Ra5 Rd5 51. Ra3 h5 52. gxh5 Rxh5
53. Kg3 g5 54. fxg5+ Rxg5+ 55. Kf3 e5 56. Ra7 Rf5+ 57. Ke3 Rh5 58. Ra2 Kf5 59.
Rf2+ Ke6 60. Rg2 f5 61. Rg6+ Kd5 62. Rg2 Rh3+ 63. Kf2 f4 64. Rg8 Rxh2+ 65. Kf3
Rh3+ 66. Ke2 Ke4 67. Ra8 Rh2+ 68. Ke1 Kf3 69. Ra3+ Kg4 70. Ra4 Kg3 71. Ra8 e4
72. Rg8+ Kf3 0-1

[Event "FRA Team Ch"]
[Site "Montpellier"]
[Date "2001.04.29"]
[Round "9.9"]
[White "Zawadski, Stephane"]
[Black "Bonnafous, Nathalie"]
[Result "1-0"]
[WhiteElo "2158"]
[BlackElo "2071"]
[Annotator "Nancy-Nice"]
[PlyCount "77"]
[EventDate "2001.04.??"]

1. d4 g6 2. e4 Bg7 3. Nf3 d6 4. Be2 Nf6 5. Nc3 a6 6. O-O O-O 7. Re1 b5 8. e5
dxe5 9. dxe5 Ng4 10. Bf4 Nc6 11. Bf1 Be6 12. h3 Nh6 13. a4 b4 14. Ne4 Nf5 15.
a5 Nfd4 16. Nxd4 Nxd4 17. Nc5 Bf5 18. Bd3 Bxd3 19. Qxd3 Ne6 20. Qxd8 Raxd8 21.
Nxe6 fxe6 22. Re4 Rd5 23. Rxb4 Bxe5 24. Bxe5 Rxe5 25. Rc4 Re2 26. Rf1 Rd8 27.
b4 Rd7 28. Rc6 e5 29. Rxa6 e4 30. Rc6 e3 31. Rc3 exf2+ 32. Rxf2 Rd1+ 33. Rf1
Rdd2 34. Rg3 Rxc2 35. Ra1 c6 36. Kh1 Rb2 37. Rg5 Kf7 38. a6 h6 39. a7 1-0

[Event "FRA Team Ch"]
[Site "Montpellier"]
[Date "2001.04.29"]
[Round "9.1"]
[White "Schlosser, Philipp"]
[Black "Badea, Bela"]
[Result "1/2-1/2"]
[WhiteElo "2511"]
[BlackElo "2460"]
[Annotator "Bischwiller-Bordeaux"]
[PlyCount "29"]
[EventDate "2001.04.??"]

1. d4 d6 2. Nf3 g6 3. e4 Bg7 4. c3 Nf6 5. Bd3 O-O 6. O-O Nbd7 7. Re1 e5 8. Nbd2
b6 9. Nf1 Bb7 10. Ng3 Re8 11. Bg5 Qe7 12. h3 Qf8 13. d5 c6 14. dxc6 Bxc6 15.
Qe2 1/2-1/2

[Event "FRA Team Ch"]
[Site "Montpellier"]
[Date "2001.04.29"]
[Round "9.2"]
[White "Spraggett, Kevin"]
[Black "Ivanov, Mikhail M"]
[Result "1/2-1/2"]
[WhiteElo "2526"]
[BlackElo "2454"]
[Annotator "Bordeaux-Bischwiller"]
[PlyCount "47"]
[EventDate "2001.04.??"]

1. e4 c5 2. Nf3 g6 3. d4 cxd4 4. Nxd4 Bg7 5. c4 Nc6 6. Be3 Nh6 7. Nc3 d6 8. Be2
O-O 9. Qd2 Ng4 10. Bxg4 Bxg4 11. O-O Qa5 12. Rac1 Rfc8 13. b3 a6 14. Nxc6 Rxc6
15. Bh6 Bxc3 16. Rxc3 b5 17. Qb2 f6 18. Bd2 Qc7 19. Rfc1 bxc4 20. Rxc4 Rxc4 21.
Rxc4 Qd7 22. Qc3 Rc8 23. f3 Be6 24. Rxc8+ 1/2-1/2

[Event "FRA Team Ch"]
[Site "Montpellier"]
[Date "2001.04.29"]
[Round "9.3"]
[White "Mohebbi, Jaffar"]
[Black "Rainfray, Arnaud"]
[Result "1/2-1/2"]
[WhiteElo "2318"]
[BlackElo "2390"]
[Annotator "Bischwiller-Bordeaux"]
[PlyCount "134"]
[EventDate "2001.04.??"]

1. d4 d5 2. Nf3 Nf6 3. g3 e6 4. Bg2 Be7 5. O-O O-O 6. c4 dxc4 7. Ne5 Nc6 8.
Nxc6 bxc6 9. Na3 c3 10. bxc3 Nd5 11. Qc2 Ba6 12. Rd1 Qc8 13. e4 Nb6 14. c4 c5
15. d5 Bf6 16. Rb1 Bd4 17. Bh3 Qe8 18. Nb5 Bxb5 19. Rxb5 c6 20. Ra5 cxd5 21.
cxd5 exd5 22. exd5 Rd8 23. Rxa7 Nxd5 24. Bf1 Qe5 25. Bd2 Rd6 26. Re1 Qh5 27.
Re2 Rf6 28. Rd7 Re6 29. Be1 Rh6 30. h3 Rg6 31. Kh2 Nf6 32. Rde7 Ng4+ 33. Kg2
Nf6 34. Qb3 Qd5+ 35. Qf3 h5 36. Rc2 h4 37. Bc4 Qxf3+ 38. Kxf3 hxg3 39. fxg3 Ne8
40. g4 Nd6 41. Bb3 Ra8 42. Rc7 Re8 43. Bg3 Rf6+ 44. Kg2 Nb5 45. g5 Nxc7 46.
gxf6 Ne6 47. fxg7 Nxg7 48. Bf2 Nf5 49. Bxd4 Nxd4 50. Rxc5 Nxb3 51. axb3 Re2+
52. Kf3 Rb2 53. Rc3 Kg7 54. Ke4 Kf6 55. Kd5 Kf5 56. Rf3+ Kg5 57. Kc4 f5 58. b4
f4 59. b5 Kf5 60. Kc5 Ke4 61. Rf1 Rh2 62. b6 Rxh3 63. Rb1 Rh8 64. b7 f3 65.
b8=Q Rxb8 66. Rxb8 f2 67. Rb1 Ke3 1/2-1/2

[Event "FRA Team Ch"]
[Site "Montpellier"]
[Date "2001.04.29"]
[Round "9.5"]
[White "Schneider, Heiko"]
[Black "Garrido, Denis"]
[Result "1-0"]
[WhiteElo "2275"]
[BlackElo "2247"]
[Annotator "Bischwiller-Bordeaux"]
[PlyCount "72"]
[EventDate "2001.04.??"]

1. e4 c5 2. Nf3 e6 3. d4 cxd4 4. Nxd4 Nf6 5. Nc3 d6 6. Be3 Be7 7. Be2 Nc6 8.
O-O Bd7 9. Nb3 a6 10. a4 Na5 11. Nxa5 Qxa5 12. Qd2 Bc6 13. Bf3 Rd8 14. b4 Qxb4
15. Rab1 Qa5 16. Bb6 Qe5 17. Bd4 Qa5 18. Bb6 Qe5 19. Rfe1 O-O 20. Bd4 Qa5 21.
Bb6 Qe5 22. Nd5 Rd7 23. Bd4 Nxe4 24. Bxe4 Qh5 25. Nxe7+ Rxe7 26. Bxc6 bxc6 27.
Be3 Rd7 28. Rb6 d5 29. Qa5 Qg6 30. Rxc6 d4 31. Bf4 Rd5 32. Qxa6 h5 33. Rc8 Rxc8
34. Qxc8+ Kh7 35. Qc4 Qf5 36. Qd3 Kg6 1-0

[Event "FRA Team Ch"]
[Site "Montpellier"]
[Date "2001.04.29"]
[Round "9.6"]
[White "Beudaert, Xavier"]
[Black "Grill, Marc"]
[Result "1-0"]
[WhiteElo "2235"]
[BlackElo "2200"]
[Annotator "Bordeaux-Bischwiller"]
[PlyCount "83"]
[EventDate "2001.04.??"]

1. e4 e5 2. Nf3 Nc6 3. Bb5 a6 4. Ba4 Nf6 5. O-O Be7 6. Re1 b5 7. Bb3 O-O 8. d4
Nxd4 9. Nxd4 exd4 10. e5 Ne8 11. c3 dxc3 12. Nxc3 d6 13. Qf3 Rb8 14. Bf4 dxe5
15. Bxe5 Bd6 16. Rad1 Qg5 17. Bxd6 Nxd6 18. Rxd6 Bb7 19. Rd5 Bxd5 20. Bxd5 Qd2
21. Qe2 Qg5 22. Qe7 Qd2 23. Qe2 Qg5 24. b4 c5 25. a3 cxb4 26. axb4 Rbc8 27. Qe3
Qxe3 28. Rxe3 Rfd8 29. g3 g6 30. Bf3 Rc4 31. Nd5 Kg7 32. Re7 Rd4 33. Nc7 Kf6
34. Re3 R8d7 35. Nxa6 Ra7 36. Nb8 Ra1+ 37. Kg2 Rxb4 38. Nc6 Rb2 39. Bd5 Kg7 40.
Re7 Rd1 41. Rxf7+ Kh6 42. Ne7 1-0

[Event "FRA Team Ch"]
[Site "Montpellier"]
[Date "2001.04.29"]
[Round "9.8"]
[White "Pujos, Stephane"]
[Black "Hoffmann, Regis"]
[Result "1-0"]
[WhiteElo "2269"]
[BlackElo "2177"]
[Annotator "Bordeaux-Bischwiller"]
[PlyCount "83"]
[EventDate "2001.04.??"]

1. e4 d6 2. d4 Nf6 3. Nc3 e5 4. Nf3 Nbd7 5. Bc4 Be7 6. O-O O-O 7. Re1 c6 8. a4
b6 9. d5 Bb7 10. b3 a6 11. Ba3 Qc7 12. Re2 Nc5 13. Bb2 Rab8 14. b4 b5 15. Ba2
Ncd7 16. dxc6 Bxc6 17. a5 Qb7 18. Nd5 Bxd5 19. exd5 Rfe8 20. Rc1 Rbc8 21. h3
Bf8 22. Ng5 h6 23. Ne6 Be7 24. f4 fxe6 25. dxe6 Nf8 26. fxe5 dxe5 27. Rxe5 Rc4
28. Bxc4 bxc4 29. Qd4 Ng6 30. Rf5 Qxb4 31. Bc3 Qb7 32. Rcf1 Rd8 33. Qxc4 Rc8
34. Qd3 Nh4 35. R5f2 Nd5 36. Bd4 Nf4 37. Qg3 Bd6 38. Qxh4 Nxe6 39. Be3 Rc3 40.
Rf3 Rxe3 41. Rxe3 Bc5 42. Rfe1 1-0

[Event "FRA Team Ch"]
[Site "Montpellier"]
[Date "2001.04.29"]
[Round "9.9"]
[White "Leclair, Marie"]
[Black "Feuvrier, Stephanie"]
[Result "0-1"]
[WhiteElo "2032"]
[BlackElo "2048"]
[Annotator "Bischwiller-Bordeaux"]
[PlyCount "110"]
[EventDate "2001.04.??"]

1. e4 e5 2. Nf3 Nc6 3. Nc3 Nf6 4. d4 exd4 5. Nxd4 Nxe4 6. Nxe4 Qe7 7. Qd3 d5 8.
Nxc6 bxc6 9. Be3 Qxe4 10. Qxe4+ dxe4 11. O-O-O Be6 12. Ba6 Rb8 13. Rd4 f5 14.
Ra4 Bd6 15. Bxa7 Rd8 16. Bb7 c5 17. Ra5 Bf4+ 18. Kb1 c4 19. g3 Bd6 20. Be3 Kf7
21. f3 Rb8 22. Bc6 exf3 23. Bxf3 Rhd8 24. Ba7 Bb4 25. Re5 Bc3 26. Bxb8 Bxe5 27.
Ba7 Bd5 28. Bxd5+ Rxd5 29. c3 Rd2 30. Re1 Kf6 31. Bg1 g5 32. Kc1 Rd5 33. Rd1
Ra5 34. Kb1 f4 35. gxf4 Bxf4 36. b3 cxb3 37. axb3 h5 38. h3 Kf5 39. Rd7 g4 40.
hxg4+ hxg4 41. b4 Ra6 42. b5 Re6 43. Kc2 Re2+ 44. Kb3 g3 45. b6 cxb6 46. Bxb6
g2 47. Rf7+ Ke4 48. Rg7 Be3 49. Bxe3 Kxe3 50. c4 Kf2 51. Rf7+ Ke1 52. Rg7 Kf1
53. c5 g1=Q 54. Rxg1+ Kxg1 55. c6 Re6 0-1